| 000 | 00836cam a2200205 i 4500 | ||
|---|---|---|---|
| 005 | 20251210103455.0 | ||
| 008 | 250721s2015 jo gr 000 0 ara d | ||
| 082 | 1 | 4 |
_a216.23 _bم د ا |
| 100 | 1 |
_aالرفب، احمد سليمان _eمؤلف. |
|
| 245 | 1 | 0 |
_aمدارج الصائمين / _cتأليف اعضاء المجلس العلمي لمركز العلامه فضل عباس للدراسات القرانيه د.احمد سليمان الرقب . |
| 250 | _aالطبعه الاولى. | ||
| 264 | 3 | 1 |
_aعمان : _bجمعية المحافظة على القران الكريم، _c2015. |
| 300 | _a163صفحه. | ||
| 650 | 1 | 7 | _aالأسلام. |
| 650 | 1 | 7 | _aالعبادة. |
| 650 | 1 | 7 | _aالصوم. |
| 700 | 1 |
_aالزيوت، عبدالله احمد. _eمؤلف |
|
| 942 |
_2ddc _cBK |
||
| 999 |
_c133837 _d133837 |
||